000
00270nam a22001217a 4500
008
180302b xxu||||| |||| 00| 0 eng d
041
_a
eng
080
_a
32
100
_a
16
101
_a
pol
245
_a
political science feminisms
_c
william,g,w
942
_2
udc
_c
BK
999
_c
43992
_d
43992